[Event "Oberliga Nord W 1819"]
[Site "Germany"]
[Date "2018.11.25"]
[Round "3.7"]
[White "Bierenbroodspot, Paul"]
[Black "Krueger, Robin Kevin"]
[Result "1/2-1/2"]
[WhiteElo "2091"]
[BlackElo "1970"]
[PlyCount "55"]
[EventDate "2018.10.21"]
[EventType "team-tourn"]
[EventRounds "9"]
[EventCountry "GER"]
[SourceTitle "EXT 2020"]
[Source "ChessBase"]
[SourceDate "2019.10.17"]
[SourceVersion "1"]
[SourceVersionDate "2019.10.17"]
[SourceQuality "1"]
[WhiteTeam "Nordhorn Blanke"]
[BlackTeam "Tostedt"]
[WhiteTeamCountry "GER"]
[BlackTeamCountry "GER"]

1. e4 e5 2. Nf3 Nc6 3. Bb5 Nge7 4. c3 a6 5. Ba4 g6 6. d4 exd4 7. cxd4 Bg7 8. d5 Na5 9. Nc3 b5 10. Bc2 d6 11. 0-0 0-0 12. Rb1 Re8 13. Nd4 c5 14. dxc6 Naxc6 15. Be3 Bb7 16. Qd2 Nxd4 17. Bxd4 Bxd4 18. Qxd4 d5 19. Rbd1 dxe4 20. Qc5 Qc8 21. Qxc8 Raxc8 22. Bxe4 Rxc3 23. Bxb7 Rc2 24. Rfe1 Kf8 25. Bxa6 Rxb2 26. Rb1 Rxb1 27. Rxb1 Ra8 28. Bxb5 1/2-1/2

[Event "Oberliga Nord W 1415"]
[Site "Germany"]
[Date "2014.11.09"]
[Round "3.6"]
[White "Helmer, Christoph"]
[Black "Bierenbroodspot, Paul"]
[Result "0-1"]
[WhiteElo "2062"]
[BlackElo "2123"]
[PlyCount "28"]
[EventDate "2014.09.22"]
[EventType "team-tourn"]
[EventRounds "9"]
[EventCountry "GER"]
[SourceTitle "EXT 2016"]
[Source "ChessBase"]
[SourceDate "2015.10.08"]
[SourceVersion "1"]
[SourceVersionDate "2015.10.08"]
[SourceQuality "1"]
[WhiteTeam "Hannover"]
[BlackTeam "Nordhorn Blanke"]
[WhiteTeamCountry "GER"]
[BlackTeamCountry "GER"]

1. e4 e5 2. Nf3 Nf6 3. Nxe5 d6 4. Nf3 Nxe4 5. Nc3 Nxc3 6. dxc3 Be7 7. Bf4 Nd7 8. Qd2 Nc5 9. 0-0-0 Be6 10. Kb1 Qd7 11. Nd4 a6 12. Bd3 Qa4 13. b3 Qa3 14. Rhe1 Na4 0-1

[Event "Oberliga Nord W 1314"]
[Site "Germany"]
[Date "2013.11.10"]
[Round "2.5"]
[White "Bierenbroodspot, Paul"]
[Black "Hampel, Felix"]
[Result "0-1"]
[WhiteElo "2147"]
[BlackElo "2121"]
[PlyCount "66"]
[EventDate "2013.10.13"]
[EventType "team-tourn"]
[EventRounds "9"]
[EventCountry "GER"]
[SourceTitle "EXT 2015"]
[Source "ChessBase"]
[SourceDate "2014.11.20"]
[SourceVersion "1"]
[SourceVersionDate "2014.11.20"]
[SourceQuality "1"]
[WhiteTeam "Nordhorn Blanke"]
[BlackTeam "Lister Turm"]
[WhiteTeamCountry "GER"]
[BlackTeamCountry "GER"]

1. e4 c5 2. Nf3 e6 3. Nc3 a6 4. d4 cxd4 5. Nxd4 Qc7 6. Bd3 Nf6 7. 0-0 Be7 8. a4 b6 9. Qf3 Bb7 10. Qh3 d5 11. Re1 dxe4 12. Nxe4 Nxe4 13. Bxe4 Bxe4 14. Rxe4 0-0 15. Bf4 Qb7 16. Rae1 Nd7 17. R4e3 Bf6 18. c3 e5 19. Bxe5 Nxe5 20. Rxe5 Bxe5 21. Rxe5 Rfe8 22. Qf5 Rxe5 23. Qxe5 Qd7 24. h3 Re8 25. Qg3 Qxa4 26. Nf5 g6 27. Nh6+ Kg7 28. Nf5+ Kh8 29. Nd6 Re7 30. Kh2 Qc6 31. Qf4 Qc7 32. g3 Kg8 33. Qb4 Re2 0-1

[Event "Oberliga Nord W 1112"]
[Site "Germany"]
[Date "2011.11.20"]
[Round "3.5"]
[White "Bierenbroodspot, Paul"]
[Black "Peters, Frank"]
[Result "0-1"]
[WhiteElo "2179"]
[BlackElo "2168"]
[PlyCount "94"]
[EventDate "2011.10.02"]
[EventType "team-tourn"]
[EventRounds "9"]
[EventCountry "GER"]
[SourceTitle "EXT 2013"]
[Source "ChessBase"]
[SourceDate "2012.11.22"]
[SourceVersion "1"]
[SourceVersionDate "2012.11.22"]
[SourceQuality "1"]
[WhiteTeam "Nordhorn Blanke"]
[BlackTeam "Bremer SG"]
[WhiteTeamCountry "GER"]
[BlackTeamCountry "GER"]

1. e4 g6 2. d4 Bg7 3. c3 c6 4. Bd3 d5 5. e5 Nh6 6. Ne2 0-0 7. Ng3 f6 8. exf6 exf6 9. 0-0 f5 10. f4 Nd7 11. Nd2 c5 12. dxc5 Nxc5 13. Nb3 Ne6 14. h3 Qb6+ 15. Kh1 Bd7 16. Qe2 Rfe8 17. Be3 d4 18. cxd4 Qb4 19. Bc4 Kh8 20. Qd3 Rac8 21. Rac1 b5 22. Bd5 Qd6 23. Rxc8 Bxc8 24. Bf3 b4 25. Rc1 Nxf4 26. Qd2 Nxh3 27. Ne2 f4 28. Nxf4 Nxf4 29. Bxf4 Qf6 30. Bg5 Qf8 31. Bc6 Re6 32. d5 Re5 33. d6 Rf5 34. Bf3 Nf7 35. Be7 Qe8 36. Bg4 Ne5 37. Bxf5 Bxf5 38. Nd4 Bd7 39. Qxb4 Nd3 40. Qc4 Nxc1 41. Nf3 Qc8 42. Qh4 Ne2 43. Bf6 Qc1+ 44. Kh2 Qf4+ 45. Qxf4 Nxf4 46. Bxg7+ Kxg7 47. Ne5 Bb5 0-1

[Event "NED-chT 1011"]
[Site "Netherlands"]
[Date "2011.03.12"]
[Round "7.5"]
[White "Bierenbroodspot, Paul"]
[Black "Zaragatski, Ilja"]
[Result "0-1"]
[WhiteElo "2202"]
[BlackElo "2498"]
[PlyCount "62"]
[EventDate "2010.09.25"]
[EventType "team"]
[EventRounds "9"]
[EventCountry "NED"]
[SourceTitle "EXT 2012"]
[Source "ChessBase"]
[SourceDate "2011.11.24"]
[SourceVersion "1"]
[SourceVersionDate "2011.11.24"]
[SourceQuality "1"]
[WhiteTeam "Enschede Braceland"]
[BlackTeam "Homburg Apeldoorn"]
[WhiteTeamCountry "NED"]
[BlackTeamCountry "NED"]

1. e4 Nf6 2. Nc3 d5 3. e5 Nfd7 4. f4 c5 5. Nf3 Nc6 6. Be2 e6 7. 0-0 Be7 8. Kh1 0-0 9. d4 f6 10. f5 cxd4 11. exf6 Nxf6 12. Nxd4 e5 13. Nxc6 bxc6 14. Qe1 Kh8 15. Bg5 Rb8 16. b3 Bd6 17. Qh4 Qa5 18. Qg3 Qc7 19. Rad1 Ne8 20. Qh3 e4 21. Bh5 Nf6 22. Bg6 Kg8 23. Qh4 hxg6 24. fxg6 Bxh2 25. Nxe4 dxe4 26. Rxf6 gxf6 27. Bxf6 Rxf6 28. Rd8+ Rf8 29. Rxf8+ Kxf8 30. Qh8+ Ke7 31. Qh7+ Kf6 0-1

[Event "Oberliga Nord W 1011"]
[Site "Germany"]
[Date "2011.02.27"]
[Round "7.3"]
[White "Bierenbroodspot, Paul"]
[Black "Hermann, Manfred"]
[Result "1/2-1/2"]
[WhiteElo "2213"]
[BlackElo "2306"]
[PlyCount "39"]
[EventDate "2010.10.10"]
[EventType "team-tourn"]
[EventRounds "9"]
[EventCountry "GER"]
[SourceTitle "EXT 2012"]
[Source "ChessBase"]
[SourceDate "2011.11.24"]
[SourceVersion "1"]
[SourceVersionDate "2011.11.24"]
[SourceQuality "1"]
[WhiteTeam "Nordhorn Blanke"]
[BlackTeam "Oldenburg Union"]
[WhiteTeamCountry "GER"]
[BlackTeamCountry "GER"]

1. e4 e5 2. Nf3 Nc6 3. Bc4 Bc5 4. c3 Nf6 5. d4 exd4 6. cxd4 Bb4+ 7. Bd2 Bxd2+ 8. Qxd2 Nxe4 9. Qe3 d5 10. Bxd5 Qxd5 11. Nc3 Qd8 12. Qxe4+ Qe7 13. Qxe7+ Nxe7 14. 0-0 Bg4 15. Ne5 Be6 16. Nb5 0-0-0 17. Nxa7+ Kb8 18. Nb5 c6 19. Nc3 Rxd4 20. Nf3 1/2-1/2

[Event "NED-chT 1011"]
[Site "Netherlands"]
[Date "2011.02.12"]
[Round "6.10"]
[White "Bierenbroodspot, Paul"]
[Black "Bus, Tom"]
[Result "1-0"]
[WhiteElo "2194"]
[BlackElo "2201"]
[PlyCount "55"]
[EventDate "2010.09.25"]
[EventType "team"]
[EventRounds "9"]
[EventCountry "NED"]
[SourceTitle "EXT 2012"]
[Source "ChessBase"]
[SourceDate "2011.11.24"]
[SourceVersion "1"]
[SourceVersionDate "2011.11.24"]
[SourceQuality "1"]
[WhiteTeam "Enschede Braceland"]
[BlackTeam "Voerendaal"]
[WhiteTeamCountry "NED"]
[BlackTeamCountry "NED"]

1. e4 c5 2. Nf3 Nc6 3. Bb5 Na5 4. 0-0 a6 5. Be2 b5 6. a4 b4 7. d4 cxd4 8. Qxd4 e6 9. Rd1 Qc7 10. Qd3 Bb7 11. c4 Nf6 12. e5 Ne4 13. Be3 Rc8 14. Nbd2 Nc5 15. Bxc5 Bxc5 16. Ne4 Bxe4 17. Qxe4 Qb6 18. Qh4 h6 19. Qg3 0-0 20. Nd2 f5 21. exf6 Rxf6 22. Ne4 Rf7 23. Bh5 Rf5 24. Rxd7 Bd4 25. Rd1 Be5 26. Qg6 Nxc4 27. Rxg7+ Bxg7 28. Rd7 1-0

[Event "NED-chT 1011"]
[Site "Netherlands"]
[Date "2010.12.11"]
[Round "4.8"]
[White "Van Kampen, Robin"]
[Black "Bierenbroodspot, Paul"]
[Result "1-0"]
[WhiteElo "2454"]
[BlackElo "2199"]
[PlyCount "55"]
[EventDate "2010.09.25"]
[EventType "team"]
[EventRounds "9"]
[EventCountry "NED"]
[SourceTitle "EXT 2012"]
[Source "ChessBase"]
[SourceDate "2011.11.24"]
[SourceVersion "1"]
[SourceVersionDate "2011.11.24"]
[SourceQuality "1"]
[WhiteTeam "Hilversum HSG"]
[BlackTeam "Enschede Braceland"]
[WhiteTeamCountry "NED"]
[BlackTeamCountry "NED"]

1. e4 e5 2. Nf3 Nc6 3. Bb5 a6 4. Ba4 Nf6 5. 0-0 Be7 6. Re1 b5 7. Bb3 d6 8. c3 Bg4 9. d3 0-0 10. Nbd2 Na5 11. Bc2 c5 12. h3 Bh5 13. Nf1 h6 14. Ng3 Bg6 15. Nh4 Nh7 16. Nxg6 fxg6 17. d4 Qc7 18. dxe5 dxe5 19. Be3 Rad8 20. Qg4 Qc6 21. Rad1 Bg5 22. Bxg5 Nxg5 23. h4 Qf6 24. hxg5 Qxf2+ 25. Kh2 Rxd1 26. Rxd1 Qxc2 27. gxh6 Rf2 28. Rd8+ 1-0